000 00981nam a2200277 a 4500
001 1456
003 BR-CuiBMT
005 20231213135258.0
008 231201s2003 dfba 000 0 por d
020 _a8588219069
040 _aBR-CuiBMT
_cBR-CuiBMT
080 _a005.521
_22007
090 _a005.521
_bN445c
100 1 _aNeri, Marcelo Cortes
245 1 0 _aCobertura previdenciária :
_bdiagnóstico e propostas /
_cMarcelo Côrtes Neri.
260 _aBrasília :
_bSecretaria da Previdência Social,
_cc2003.
300 _a324 p. :
_bil. ;
_c23 cm
490 1 _aColeção previdência social. Série estudos ;
_vv. 18
504 _aInclui bibliografia.
650 _aPrevidência social
_xEstatísticas
_zBrasil
650 _aContribuintes individuais (Previdência social)
_xEstatísticas
_zBrasil
650 _aInformalidade
_xPrevidência social
710 1 _aBrasil.
_bSecretaria de Assistência Social.
830 0 _aPrevidência social.
_pEstudos
_v18
942 _2udc
_cLV
999 _c1456
_d1456